000 00350pam a2200157a 44500
008 230515b1988 xxu||||| |||| 00| 0 eng d
020 _aNULL
041 _aENGL
082 _a512.9434/JOS
100 _aJOSHI A.W.
245 _aMATRICES & TENSORS IN PHYSICS
250 _a2
260 _aNULL
_bWILEY
_c1988
300 _a289 PB
650 _aNULL
999 _c619260
_d619260